វចនានុក្រមខ្មែរ ភាគទី១ ភាគទី២ : (Record no. 6864)

MARC details
000 -LEADER
fixed length control field 02226nam a22002417a 4500
001 - CONTROL NUMBER
control field 6864
003 - CONTROL NUMBER IDENTIFIER
control field FISKH
005 - DATE AND TIME OF LATEST TRANSACTION
control field 20250605100204.0
008 - FIXED-LENGTH DATA ELEMENTS--GENERAL INFORMATION
fixed length control field 250604b cb ||||| |||| 00| 0 eng d
040 ## - CATALOGING SOURCE
Original cataloging agency FISKH
Language of cataloging khr
Transcribing agency FISKH
Modifying agency FISKH
082 ## - DEWEY DECIMAL CLASSIFICATION NUMBER
Classification number 495.932321
100 ## - MAIN ENTRY--PERSONAL NAME
Personal name Nat, Choun
245 ## - TITLE STATEMENT
Title វចនានុក្រមខ្មែរ ភាគទី១ ភាគទី២ :
Remainder of title Dictionarire Cambodgien Tom I II /
Statement of responsibility, etc. ការផ្សាយរបស់ពុទ្ធសាសនបណ្ឌិត្យ
250 ## - EDITION STATEMENT
Edition statement Cinquieme Edition
260 ## - PUBLICATION, DISTRIBUTION, ETC.
Place of publication, distribution, etc. ភ្នំពេញ :
Name of publisher, distributor, etc. ការផ្សាយរបស់ពុទ្ធសាសនបណ្ឌិត្យ ,
Date of publication, distribution, etc. 1968.
300 ## - PHYSICAL DESCRIPTION
Extent 1858 pages :
Other physical details illustrations ;
Dimensions 21 cm .
520 ## - SUMMARY, ETC.
Summary, etc. វចនានុក្រមខ្មែរ ដែលបោះពុម្ពផ្សាយដោយវិទ្យាស្ថានពុទ្ធសាសនា គឺជាវត្ថុធាតុភាសាវិជ្ជាដ៏សំខាន់មួយ ដែលមានគោលបំណងថែរក្សា និងផ្សព្វផ្សាយភាសាខ្មែរ ជាពិសេសក្នុងបរិបទនៃការសិក្សាពុទ្ធសាសនា។ វចនានុក្រមនេះ បំពេញតួនាទីជាប្រភពយោងសម្បូរបែបសម្រាប់អ្នកស្រាវជ្រាវ សិស្សានុសិស្ស និងសាធារណជនដែលមានចំណាប់អារម្មណ៍ចំពោះភាសាខ្មែរ និងពាក្យសព្ទពុទ្ធសាសនា។
520 ## - SUMMARY, ETC.
Summary, etc. The Khmer Dictionary published by the Buddhist Institute is a significant linguistic resource aimed at preserving and promoting the Khmer language, especially in the context of Buddhist studies. This dictionary serves as a comprehensive reference for scholars, students, and the general public interested in the Khmer language and its Buddhist terminology.​
650 ## - SUBJECT ADDED ENTRY--TOPICAL TERM
Topical term or geographic name entry element វចនានុក្រមខ្មែរ
650 ## - SUBJECT ADDED ENTRY--TOPICAL TERM
Topical term or geographic name entry element Khmer dictionary
942 ## - ADDED ENTRY ELEMENTS (KOHA)
Source of classification or shelving scheme Dewey Decimal Classification
Koha item type Khmer Books
Suppress in OPAC No
Holdings
Withdrawn status Lost status Source of classification or shelving scheme Damaged status Not for loan Collection Home library Current library Shelving location Date acquired Total Checkouts Full call number Barcode Date last seen Price effective from Koha item type
    Dewey Decimal Classification     Reference Footprints International School Library Network Toul Tom Poung Campus Footprints International School Library Network Toul Tom Poung Campus TTP Secondary Khmer Bookshelves 06/04/2025   NAT 495.932321 2025-1465 06/04/2025 06/04/2025 Khmer Books